| 000 | 00389nam a2200145Ia 4500 | ||
|---|---|---|---|
| 008 | 150201s2003 xx 000 0 und d | ||
| 082 |
_a612.015 _bP2003S |
||
| 100 | _aSINGH,S.P. | ||
| 245 | _aPRACTICAL MANUAL OF BIOCHEMISTRY | ||
| 250 | _a4TH | ||
| 260 |
_bC.B.S PUBLISHERS & DISTRIBUTERS _aDARYAGANJ( NEW DELHI) _c2003 |
||
| 300 | _a1-340 | ||
| 650 | _aBIOCHEMISTRY | ||
| 942 |
_2ddc _cBK _01 |
||
| 999 |
_c2597 _d2597 |
||